00621nam a2200169 a 4500008004100000020001500041050001600056100001900072245003500091246002100126260004600147300002100193350000900214995008700223999001700310952012400327120416s0000 ||||||||||||||||| || u a0231020953 aTH 2101 Tho aThornley, J. H10aFoundation design and practice aan economic view aNew YorkbColumbia University Pressc1959 axi, 295p. : ill. a0.00 D0.00FCBU-MAIN LIBRARY (Kitwe)H1I7.50M1UAVAILABLEZAnnex Low-Usage Collection  c43864d43864 00102lcc4070a001b001cAnnex Low-Usage Collection d2022-11-30l0oTH 2101 Thop015320r2022-11-30w2022-11-30y002